Famous People Named Aaron - Statistics

General Stats
  • This quiz has been taken 250 times
  • The average score is 4 of 9
Answer Stats
Life Hint Answer % Correct
1756–1836 Killed Alexander Hamilton in a duel Aaron Burr
76%
1983– Quarterback for the Green Bay Packers Aaron Rodgers
65%
1934–2021 Broke Babe Ruth's long-standing MLB record for home runs Hank Aaron
60%
1979– Best known for portraying Jesse Pinkman Aaron Paul
48%
1968– Played Two-Face in The Dark Knight Aaron Eckhart
37%
1992– Set the AL record for most home runs in a season (62) Aaron Judge
37%
1961– Wrote A Few Good Men and The Social Network Aaron Sorkin
33%
1987–2022 Pop singer of album Aaron's Party (Come Get It) Aaron Carter
31%
1900–1990 Fanfare for the Common Man and Billy the Kid composer Aaron Copland
25%
No matching quizzes found
Score Distribution
Percent of People with Each Score
Percentile by Number Answered
Your Score History
You have not taken this quiz